00469 a2200181 4500000002100000001000700021005001700028008004100045020001800086082001800104100001700122245005700139250001200196260003600208300001000244630001200254700002100266BKB 13634720200902153022.0  a9780471496830 a530.143bM31Q1 aMandl, Franz1 aQuantum field theorycby Franz Mandl and Graham Shaw a2nd ed. aU.K.bJohn Wiley and Sonsc2010 a478p. aPhysics aShaw, Grahambc